فقه اللغة وسر العربية ;; Fiqh al-lughah wa-sirr al-ʿArabīyah / (Record no. 77944)
[ view plain ]
| 000 -LEADER | |
|---|---|
| fixed length control field | 00982nam a2200253 a 4500 |
| 001 - CONTROL NUMBER | |
| control field | 77944 |
| 003 - CONTROL NUMBER IDENTIFIER | |
| rucl marc code | BD-RjUL |
| 005 - DATE AND TIME OF LATEST TRANSACTION | |
| control field | 20211209083053.0 |
| 008 - FIXED-LENGTH DATA ELEMENTS--GENERAL INFORMATION | |
| fixed length control field | 210214s1999 le d 000 0 ara |
| 035 ## - SYSTEM CONTROL NUMBER | |
| System control number | (BD-RjUL)78170 |
| 040 ## - CATALOGING SOURCE | |
| Original cataloging agency | PU |
| Transcribing agency | PU |
| Modifying agency | UkOxU |
| Language of cataloging | eng |
| 041 ## - LANGUAGE CODE | |
| Language code of text/sound track or separate title | ara |
| 066 ## - CHARACTER SETS PRESENT | |
| Alternate G0 or G1 character set | (3 |
| 082 ## - DEWEY DECIMAL CLASSIFICATION NUMBER | |
| Edition number | 23 |
| Author mark and year | THF 1999 |
| Classification number | 491.73 |
| 100 1# - MAIN ENTRY--PERSONAL NAME | |
| Personal name | ثعالبي، عبد الملك بن محمد .;; Thaʿālibī, ʿAbd al-Malik ibn Muḥammad, |
| Dates associated with a name | 961 or 962-1037 or 1038. |
| 9 (RLIN) | 244924 |
| 245 10 - TITLE STATEMENT | |
| Title | فقه اللغة وسر العربية ;; Fiqh al-lughah wa-sirr al-ʿArabīyah / |
| Statement of responsibility, etc. | أبي منصورالثعالبي ؛ .;; Abī Manṣūr al-Thaʿālibī |
| 250 ## - EDITION STATEMENT | |
| Edition statement | al-Ṭabʿah 1. |
| 260 ## - PUBLICATION, DISTRIBUTION, ETC. (IMPRINT) | |
| Place of publication, distribution, etc. | Misr : |
| Name of publisher, distributor, etc. | Maktubat al-ʿArabīa, |
| Date of publication, distribution, etc. | 1999. |
| 300 ## - PHYSICAL DESCRIPTION | |
| Pagination | 384 p. |
| Size | 25 cm. |
| 504 ## - BIBLIOGRAPHY, ETC. NOTE | |
| Bibliography, etc | Includes bibliographical references |
| 650 #0 - SUBJECT ADDED ENTRY--TOPICAL TERM | |
| Topical term or geographic name as entry element | Arabic language |
| Form subdivision | Dictionaries |
| -- | Early works to 1700. |
| 9 (RLIN) | 244925 |
| Topical term or geographic name as entry element | Arabic language |
| General subdivision | Lexicology |
| Form subdivision | Early works to 1800. |
| 9 (RLIN) | 244926 |
| 942 ## - ADDED ENTRY ELEMENTS (KOHA) | |
| Source of classification or shelving scheme | Dewey Decimal Classification |
| Koha item type | Reference |
| Lost status | Source of classification or shelving scheme | Damaged status | Not for loan | Collection code | Permanent Location | Current Location | Shelving location | Date acquired | Source of acquisition | Cost, normal purchase price | Total Checkouts | Full call number | Date last seen | Copy number | Koha item type |
|---|---|---|---|---|---|---|---|---|---|---|---|---|---|---|---|
| Dewey Decimal Classification | Not For Loan | Reference | Central Library, University of Rajshahi | Central Library, University of Rajshahi | 10/07/2008 | Maktabatul Arabiah , Dhaka | 350.00 | 492.73 THF 1999 | 14/02/2021 | C-1 | Books |